TV Shows by Pez Dispenser Quiz Stats

Quiz Updated Aug 9, 2015

Challenge
Share
Tweet
Score 0/20 Timer 04:00
2 Plays Today
% Correct
The Flintstones
96.8%
SpongeBob SquarePants
96.6%
The Pink Panther Show
96.6%
The Simpsons
96.5%
The Smurfs
96%
Scooby-Doo, Where Are You!
96%
Teenage Mutant Ninja Turtles
95.4%
The Muppet Show
94.8%
Star Trek
94.5%
Sesame Street
93.1%
% Correct
My Little Pony: Friendship Is Magic
91.6%
Charlie Brown's All-Stars (Peanuts)
91.5%
The Transformers
89.5%
Bob the Builder
88.4%
Thomas & Friends
78.6%
Looney Tunes
77.2%
The Rocky and Bullwinkle Show
73.5%
Star Wars: The Clone Wars
63.5%
Phineas and Ferb
60.6%
Strawberry Shortcake
50%

You're not logged in!

Compare scores with friends on all Sporcle quizzes.
Sign Up with Email
OR
Log In

You Might Also Like...

Show Comments

Extras

Top Quizzes Today


Score Distribution

Your Account Isn't Verified!

In order to create a playlist on Sporcle, you need to verify the email address you used during registration. Go to your Sporcle Settings to finish the process.